000 00965nam a2200253Ia 4500
003 Ost
005 20260507075411.0
008 260507s9999||||xx |||||||||||||| ||und||
020 _a978996190946
040 _cfsecg
041 _aara
082 _a330
100 _aرجم، نصيب
_eمؤلف
245 0 _aمالية السوق /
_c نصيب رجم
260 _aالجزائر:
_bدار العلوم,
_c2009
300 _a200 صفحة؛
_bإيضاحات ؛
_c24 سم
504 _aالمراجع ص.191
520 _aيضم الرياضيات المالية وإدارة الأخطار، أسس الآجال المؤكدة، أسس عدم التأكد، العلاقات بين الخطر والمردودية المنتظرة، تقييم الخيارات، تمارين للمراجعة
653 _aالبورصات
653 _aالرياضيات التطبيقية
653 _aالسوق
653 _aالمالية
942 _cكتاب
999 _c44405
_d44405